000 00502nam a22001937a 4500
999 _c7253
_d7253
003 OSt
005 20210921120645.0
008 210921b ||||| |||| 00| 0 eng d
020 _a0521014670
040 _cDDC
082 _a614.4DAL 1999.
100 _aDaley,D.J;Gani,J;
_914895
245 _aEpidemic modelling:
_bAn introduction
260 _aCambridge
_bCambridge studies,
_c1999
300 _a231p;
_bill;
_c23cm.
504 _aincludes index.
650 _abiology
_95602
942 _2ddc
_cN_PAPAER